00570nam a2200217Ia 4500008004100000020001800041050001600059050001400075100002500089245002500114245003000139245004500169250001600214260001700230260003300247260000900280300001600289300002000305300001100325650001600336160404s9999 xx 000 0 und d a971-12-0263-8 aFIL HF 5635 b.P44 2005 aPefianco, Erlinda C. aAccounting process : bprinciples and problems / cErlinda C. Pefianco, Rosario D. Mercado. a3rd Edition aMakati City: bGoodwill Tradaing Co., Inc., c2005 a289 pages : billustrations ; c26 cm. aAccounting.